[Event "King Abdullah II op 3rd"]
[Site "Amman"]
[Date "2009.06.23"]
[Round "7"]
[White "Sherawan, Mohammed"]
[Black "Saloos, Ibrahim"]
[Result "0-1"]
[WhiteElo "1799"]
[BlackElo "1959"]
[PlyCount "84"]
[EventDate "2009.06.18"]
[EventType "swiss"]
[EventRounds "9"]
[EventCountry "JOR"]
[SourceTitle "EXT 2022"]
[Source "ChessBase"]
[SourceDate "2021.10.06"]
[SourceVersion "1"]
[SourceVersionDate "2021.10.06"]
[SourceQuality "1"]

1. d4 f5 2. g3 Nf6 3. Bg2 g6 4. Nf3 Bg7 5. c3 0-0 6. 0-0 d6 7. Bg5 Qe8 8. Nbd2 Qb5 9. Bxf6 Bxf6 10. e3 e5 11. c4 Qe8 12. dxe5 dxe5 13. e4 Na6 14. Ne1 c6 15. Nc2 Be6 16. Qe2 Rd8 17. b4 Qf7 18. a3 Bg5 19. f4 exf4 20. gxf4 Be7 21. Ne3 fxe4 22. Nxe4 Rd4 23. Rac1 Qg7 24. Rcd1 Rxd1 25. Qxd1 Qb2 26. Qd3 Rd8 27. Qb1 Qxa3 28. Nc2 Qd3 29. b5 cxb5 30. cxb5 Nc5 31. Ng5 Bf5 32. Qa2+ Nb3 33. Na1 h6 34. Nxb3 Qe3+ 35. Kh1 hxg5 36. Nc5+ Kh7 37. Nxb7 Rd2 38. Qf7+ Kh6 39. fxg5+ Qxg5 40. Rg1 Rxg2 41. Rxg2 Qc1+ 42. Rg1 Be4+ 0-1

[Event "King Abdullah II op 3rd"]
[Site "Amman"]
[Date "2009.06.19"]
[Round "2"]
[White "Sherawan, Mohammed"]
[Black "Feras, Abu Ibeya"]
[Result "1-0"]
[WhiteElo "1799"]
[BlackElo "1977"]
[PlyCount "58"]
[EventDate "2009.06.18"]
[EventType "swiss"]
[EventRounds "9"]
[EventCountry "JOR"]
[SourceTitle "EXT 2022"]
[Source "ChessBase"]
[SourceDate "2021.10.06"]
[SourceVersion "1"]
[SourceVersionDate "2021.10.06"]
[SourceQuality "1"]

1. d4 d5 2. c4 c6 3. Nc3 Nf6 4. Nf3 e6 5. Bf4 Nbd7 6. e3 dxc4 7. Bxc4 b5 8. Bd3 a6 9. 0-0 c5 10. Rc1 Bb7 11. Bb1 Rc8 12. h3 Be7 13. Re1 0-0 14. a3 Qb6 15. e4 cxd4 16. Nxd4 Bc5 17. Be3 e5 18. Nf5 Rfd8 19. Ne7+ Kf8 20. Nxc8 Bxc8 21. Qf3 Bb7 22. Rcd1 Re8 23. Bc2 Bxe3 24. Rxe3 Nc5 25. b4 Ne6 26. Nd5 Nxd5 27. exd5 Nd4 28. Qh5 Qg6 29. Bxg6 fxg6 1-0

[Event "King Abdullah II op 3rd"]
[Site "Amman"]
[Date "2009.06.18"]
[Round "1"]
[White "Sherawan, Mohammed"]
[Black "Al Ashal, Mohamed"]
[Result "0-1"]
[WhiteElo "1799"]
[BlackElo "2085"]
[PlyCount "42"]
[EventDate "2009.06.18"]
[EventType "swiss"]
[EventRounds "9"]
[EventCountry "JOR"]
[SourceTitle "EXT 2022"]
[Source "ChessBase"]
[SourceDate "2021.10.06"]
[SourceVersion "1"]
[SourceVersionDate "2021.10.06"]
[SourceQuality "1"]

1. d4 Nf6 2. c4 c5 3. Nf3 cxd4 4. Nxd4 Nc6 5. Nc3 e6 6. Bf4 Bb4 7. Ndb5 0-0 8. e3 a6 9. Bc7 Qe7 10. Bd6 Bxd6 11. Nxd6 Ne8 12. c5 Nxd6 13. cxd6 Qg5 14. g3 b5 15. Bg2 Bb7 16. 0-0 Na5 17. Bxb7 Nxb7 18. Qf3 Nxd6 19. Rfd1 Nb7 20. Qf4 Qxf4 21. gxf4 d5 0-1